| 000 | 00553nam a2200193 i 4500 | ||
|---|---|---|---|
| 001 | 47568 | ||
| 003 | ES-MaACL | ||
| 007 | t| | ||
| 008 | 030506s1916 sp ||||1| spa d | ||
| 080 | _a821.134.2-32"19" | ||
| 100 | 1 |
_aBelda, Joaquín. _927136 |
|
| 245 | 1 | 4 |
_aLos nietos de San Ignacio / _cnovela inédita por Joaquín Belda. |
| 260 |
_aMadrid : _b[s.n.], _c1916. |
||
| 300 |
_a34 p. ; _c19 cm. |
||
| 490 | 1 |
_aLa novela corta ; _v25 |
|
| 830 | 0 |
_aLa novela corta ; _v25 _9182142 |
|
| 852 |
_aES-MaACL _jG-4947(25) _bR.132489 |
||
| 999 |
_c47568 _d47568 |
||